| 000 | 01091nam a2200277 a 4500 | ||
|---|---|---|---|
| 001 | 000012795 | ||
| 005 | 20240307073945.0 | ||
| 008 | 091117s2004 dr 000 0 spa d | ||
| 020 | _a9993497282 | ||
| 040 |
_aDO-SdBNP _bspa _cBNPHU |
||
| 082 |
_a928.61 _bN454c |
||
| 100 | 1 |
_aNeruda, Pablo, _d1904-1973 _99164 |
|
| 245 | 1 | 0 |
_aConfieso que he vivido / _cPablo Neruda. |
| 260 |
_aSanto Domingo : _bUASD, _c2004. |
||
| 300 |
_a343 p. ; _c24 cm. |
||
| 490 | 1 |
_aPublicaciones de la Universidad Autónoma de Santo Domingo ; _v1130 |
|
| 490 | 1 |
_aLiteratura y sociedad ; _v40 |
|
| 500 | _aIncluye datos biográficos del autor en la solapa de la cubierta y continua en la solapa de la contracubierta. | ||
| 590 | _aInventariado, 2020/BT | ||
| 600 | 1 | 4 |
_aNERUDA, PABLO, _d1904-1973 _99164 |
| 650 | 4 |
_aAutores chilenos _ySIGLO XX _xBiografías _929604 |
|
| 710 | 1 |
_aUniversidad Autónoma de Santo Domingo _972951 |
|
| 830 |
_aPublicaciones de la Universidad Autónoma de Santo Domingo ; _n1150 _911848 |
||
| 830 | 0 |
_aLiteratura y sociedad ; _n40 _929606 |
|
| 910 | _aValidado. Control de calidad MFF | ||
| 999 |
_c12446 _d12446 |
||